00957nam a22002537a 4500003000500000005001700005008004100022010001000063011001000073035001100083040000900094100003200103245012600135260004000261300003100301502013000332530003600462650002900498650003300527650002900560650002800589650002200617856006400639CHAP20220329143445.0091023s2009 mx r 00010 spa d a96939 a97911 a108584 cCHAP1 aFuentecilla Rivera, Isrrael13aEl proceso de formación del precio de exportación del limón persa (Citrus latifoliac/por Israel Fuentecilla Rivera aChapingo, Méx. :bEl autor,c2009 av, 58 h. :bilus., cuadros aTesis (Lic. en Comercio Internacional de Productos Agropecuarios) -- UACH. División de Ciencias Económico Administrativas aTambién disponible en línea14aLimón persaxMercadeo.14aLimón persaxProducción.14aLimón persazVeracruz.14aLimónxExportación.14aLimónxPrecios. 3Finding aiduhttp://10.13.5.2/tesis/108584.pdfzTeclea aqui